[Event "AUTO-OPEN-657"]
[Site "http://www.queenalice.com/game.php?id=209880"]
[Date "2007.5.12"]
[Round "1"]
[White "atomic"]
[Black "dante72"]
[Result "1-0"]
[WhiteElo "1524"]
[BlackElo "1729"]

1. e4 e5 2. Qh5 Qf6 3. Nf3 d6 4. d4 g6 5. dxe5 dxe5 6. Qxe5+ Qxe5 7. Nxe5 Bg7 8.
f4 Bxe5 9. fxe5 Be6 10. Nc3 Ne7 11. Bg5 Nd7 12. Nb5 Kd8 13. Rd1 h6 14. Bf6 Re8
15. h4 h5 16. c4 a6 17. Nd4 Bg4 18. Be2 Bxe2 19. Kxe2 Kc8 20. Rhf1 Nxe5 21. Bxe5
Rf8 22. Bg7 Rd8 23. Rxf7 Re8 24. Bf6 Nc6 25. Nxc6 bxc6 26. Rd8+ Rxd8 27. Bxd8
Rb8 28. Bg5 Rxb2+ 29. Kf3 Rxa2 30. e5 Ra3+ 31. Kf4 Ra4 32. e6 Rxc4+ 33. Kg3 Re4
34. e7 Kd7 35. Kf3 Re6 36. g4 hxg4+ 37. Kxg4 c5 38. Bf6 c4 39. Kg5 c3 40. Bxc3
Ke8 41. Rg7 Re3 42. Bf6 Rg3+ 43. Kh6 Re3 44. Kxg6 Rg3+ 45. Kh7 Re3 46. Rg8+ Kd7
47. Kg7 c5 48. Rd8+ Kc7 49. e8=Q Rxe8 50. Rxe8 a5 51. Re6 c4 52. Bc3 1-0

[Event "AUTO-OPEN-657"]
[Site "http://www.queenalice.com/game.php?id=209881"]
[Date "2007.5.12"]
[Round "1"]
[White "dante72"]
[Black "atomic"]
[Result "1-0"]
[WhiteElo "1787"]
[BlackElo "1507"]

1. d4 e6 2. e3 Nf6 3. Bd3 Bb4+ 4. Bd2 Bxd2+ 5. Nxd2 O-O 6. f4 Nd5 7. Qe2 Nb4 8.
Ndf3 Re8 9. Nh3 b6 10. Be4 Ba6 11. Qd1 d5 12. Bd3 Bxd3 13. cxd3 c5 14. a3 N4c6
15. O-O cxd4 16. Nxd4 Nxd4 17. exd4 Nc6 18. Qh5 Nxd4 19. Ng5 h6 20. Qxf7+ Kh8
21. Qh5 g6 22. Qxh6+ Kg8 23. Qh7+ 1-0

[Event "AUTO-INT-452"]
[Site "http://www.queenalice.com/game.php?id=209944"]
[Date "2007.5.12"]
[Round "1"]
[White "mast"]
[Black "atomic"]
[Result "0-1"]
[WhiteElo "1507"]
[BlackElo "1576"]

1. e4 e5 2. Nf3 d6 3. c3 Bd7 4. Bc4 b5 5. Bb3 a5 6. h3 a4 7. Bc2 g5 8. d4 exd4
9. Bxg5 Be7 10. Bxe7 Nxe7 11. Nxd4 c5 12. Nf3 Rg8 13. g3 h6 14. Nh4 Nbc6 15. Qh5
Rh8 16. Nd2 Ng8 17. a3 Nf6 18. Qf3 Ne5 19. Qe2 Rb8 20. f4 Nc4 0-1

[Event "AUTO-INT-452"]
[Site "http://www.queenalice.com/game.php?id=209945"]
[Date "2007.5.12"]
[Round "1"]
[White "atomic"]
[Black "mast"]
[Result "1-0"]
[WhiteElo "1589"]
[BlackElo "1494"]

1. e4 e5 2. Qh5 Qf6 3. Nc3 c6 4. d3 g6 5. Qf3 Qxf3 6. Nxf3 Bg7 7. Be2 d6 8. O-O
h6 9. b3 Nf6 10. h3 Nh5 11. g4 Nf4 12. Bxf4 exf4 13. d4 b5 14. Rad1 Nd7 15. e5
dxe5 16. dxe5 Bxe5 17. Nxe5 Nxe5 18. Ne4 O-O 19. a4 b4 20. Nc5 1-0

[Event "AUTO-INT-452"]
[Site "http://www.queenalice.com/game.php?id=209964"]
[Date "2007.5.12"]
[Round "1"]
[White "atomic"]
[Black "JPSD"]
[Result "1-0"]
[WhiteElo "1548"]
[BlackElo "1604"]

1. e4 e6 2. e5 d5 3. exd6 Bxd6 4. c4 Nh6 5. g4 e5 6. b4 Bxb4 7. Qa4+ Nc6 8. Bg2
Bd6 9. Nf3 Bxg4 10. d3 Qf6 11. Bg5 Qg6 12. Bxh6 gxh6 13. Nh4 Bb4+ 14. Qxb4 Nxb4
15. Nxg6 Rg8 16. Nxe5 Nc2+ 17. Kd2 Nxa1 18. Nc3 f6 19. Nxg4 Rxg4 20. Bxb7 Rb8
21. Bf3 Rd4 22. Rxa1 Rbd8 23. Be4 Kf7 24. Nd5 h5 25. Nxc7 Rxe4 26. Kc3 Re2 27.
Nb5 1-0

[Event "AUTO-INT-452"]
[Site "http://www.queenalice.com/game.php?id=209965"]
[Date "2007.5.12"]
[Round "1"]
[White "JPSD"]
[Black "atomic"]
[Result "1-0"]
[WhiteElo "1658"]
[BlackElo "1502"]

1. Nf3 e6 2. e4 a6 3. Bc4 b5 4. Be2 Bb7 5. d3 g5 6. Nxg5 Bh6 7. h4 Bxg5 8. hxg5
Nc6 9. d4 e5 10. Bh5 Nxd4 11. Bxf7+ Kxf7 12. Qh5+ Kf8 13. O-O Nxc2 14. f4 Ke7
15. fxe5 Qe8 16. g6 Qxg6 17. Bg5+ Ke6 18. Qg4+ Kxe5 19. Rf5+ Kd4 20. Qd1+ 1-0

[Event "Challenge"]
[Site "http://www.queenalice.com/game.php?id=223995"]
[Date "2007.6.12"]
[Round "-"]
[White "nandocassapava"]
[Black "atomic"]
[Result "1-0"]
[WhiteElo "1308"]
[BlackElo "1601"]

1. e4 e5 2. a3 Qh4 3. Qf3 Nf6 4. Nc3 Nc6 5. Nge2 Nd4 6. Nxd4 exd4 7. Nd5 Nxd5 8.
exd5 Bc5 9. Bc4 d6 10. O-O O-O 11. b4 Bb6 12. d3 Bg4 13. Qg3 Qxg3 14. fxg3 Rfe8
15. Bb2 c5 16. bxc5 Bxc5 17. Rf4 h5 18. Raf1 f6 19. h3 Bd7 20. Bc1 Re2 21. Rh4
Rxc2 22. Rxh5 b5 23. Bb3 Rc3 24. Ba2 Rxd3 25. Bb1 Rxg3 26. Re1 d3+ 27. Kh2 d2
28. Bxd2 Rxa3 29. Re7 Rd8 30. Rh7 g5 31. Rhg7+ Kf8 32. Ref7+ Ke8 33. Bg6 Rb8 34.
Rg8# 1-0

[Event "AUTO-INT-452"]
[Site "http://www.queenalice.com/game.php?id=257726"]
[Date "2007.8.19"]
[Round "2"]
[White "atomic"]
[Black "JPSD"]
[Result "0-1"]
[WhiteElo "1626"]
[BlackElo "1611"]

1. e4 e5 2. Qh5 d6 3. Bc4 g6 4. Qf3 Be6 5. Bxe6 fxe6 6. d4 exd4 7. e5 c6 8. Nh3
dxe5 9. Ng5 Qf6 10. Qb3 b5 11. Nxe6 Bd6 12. Bg5 Qf7 13. O-O h6 14. Bh4 Nd7 15.
Nd2 Nc5 16. Nxc5 Bxc5 17. Ne4 Be7 18. Qc3 dxc3 19. bxc3 Qf4 20. Bxe7 Qxe4 21.
Rae1 Qxc2 22. Bd6 O-O-O 23. Bxe5 Rh7 24. a4 Qxa4 25. Ra1 Qb3 26. Rfb1 Qd5 27.
Bg3 Qc4 28. Rxa7 Rxa7 29. Be5 Qe2 30. Bd4 Ra2 31. Rf1 Ne7 32. h3 Nf5 33. Bf6 Rd1
0-1

[Event "AUTO-INT-452"]
[Site "http://www.queenalice.com/game.php?id=257727"]
[Date "2007.8.19"]
[Round "2"]
[White "JPSD"]
[Black "atomic"]
[Result "0-1"]
[WhiteElo "1619"]
[BlackElo "1596"]

1. e4 e5 2. Be2 Nf6 3. d4 exd4 4. Qxd4 c5 5. Qa4 Nc6 6. Bf4 Nd4 7. c3 Ne6 8. Nh3
Nxe4 9. Qxe4 Be7 10. Nd2 O-O 11. Nf3 Qb6 12. Bd3 g6 13. O-O-O f5 14. Qe3 Re8 15.
Nhg5 Qa5 16. Bxf5 gxf5 17. Nxe6 dxe6 18. Ng5 Bxg5 19. Bxg5 Qxa2 20. Qxc5 Qa1+
21. Kc2 Qa4+ 22. Kb1 Qe4+ 23. Kc1 b6 24. Qc7 Ba6 25. Rd4 Qxg2 0-1

[Event "AUTO-INT-452"]
[Site "http://www.queenalice.com/game.php?id=257728"]
[Date "2007.8.19"]
[Round "2"]
[White "atomic"]
[Black "kako"]
[Result "1-0"]
[WhiteElo "1612"]
[BlackElo "1552"]

1. e4 e5 2. Qh5 d6 3. Bc4 g6 4. Qf3 Nf6 5. h3 Nbd7 6. Nc3 Bg7 7. Nd5 c6 8. Nxf6+
Nxf6 9. d3 O-O 10. Bg5 Qa5+ 11. c3 d5 12. b4 Qd8 13. exd5 Qd6 14. Be3 Qd7 15.
dxc6 bxc6 16. Bb5 Bb7 17. Bc4 c5 18. Qg3 cxb4 19. cxb4 Nh5 20. Qg4 1-0

[Event "AUTO-INT-452"]
[Site "http://www.queenalice.com/game.php?id=257729"]
[Date "2007.8.19"]
[Round "2"]
[White "kako"]
[Black "atomic"]
[Result "0-1"]
[WhiteElo "1567"]
[BlackElo "1597"]

1. d4 e6 2. Nc3 Bb4 3. a3 Bxc3+ 4. bxc3 Nf6 5. Bf4 O-O 6. Nf3 a5 7. c4 a4 8. e3
d5 9. c5 Ne4 10. Qd3 b6 11. c4 dxc4 12. Qxe4 Ra5 13. Bxc4 f5 14. Bxe6+ Kh8 15.
Qd5 c6 16. Qa2 Bxe6 17. Qe2 bxc5 18. O-O cxd4 19. Nxd4 Bb3 20. Bxb8 Qd5 0-1

[Event "AUTO-OPEN-636"]
[Site "http://www.queenalice.com/game.php?id=283129"]
[Date "2007.10.8"]
[Round "2"]
[White "atomic"]
[Black "fornov_ik"]
[Result "0-1"]
[WhiteElo "1609"]
[BlackElo "1574"]

1. e4 e5 2. Qh5 Qf6 3. Nc3 g6 4. Qf3 Qxf3 5. gxf3 Nc6 6. Nd5 Bd6 7. c4 b6 8. b4
Nxb4 9. Nxb4 Bxb4 10. a3 Bc5 11. Bb2 f6 12. O-O-O Bxf2 13. Nh3 Bc5 14. d4 exd4
15. Bxd4 Ne7 16. Bxf6 Rf8 17. e5 Nf5 18. Ng5 Be3+ 19. Kb2 Bxg5 20. Re1 Bxf6 21.
exf6+ Kf7 22. Bd3 Kxf6 23. Bxf5 gxf5 24. h4 c5 25. f4 a5 26. a4 h5 27. Kc3 Bb7
28. Rh2 Rae8 29. Rxe8 Rxe8 30. Rd2 Re3+ 31. Kb2 Ke6 32. Kc1 Rh3 33. Rb2 Rh1+ 34.
Kd2 Rh2+ 35. Kc3 Rxb2 36. Kxb2 d5 37. cxd5+ Kxd5 38. Kc3 c4 39. Kd2 Kd4 0-1

[Event "AUTO-OPEN-636"]
[Site "http://www.queenalice.com/game.php?id=283130"]
[Date "2007.10.8"]
[Round "2"]
[White "fornov_ik"]
[Black "atomic"]
[Result "0-1"]
[WhiteElo "1517"]
[BlackElo "1592"]

1. e4 e5 2. d4 exd4 3. Qxd4 Nc6 4. Qd3 Nb4 5. Qb3 Qh4 6. Bd3 Nf6 7. Qc4 Ng4 8.
g3 Qf6 9. f3 Ne5 10. Qc3 d5 11. exd5 Nxd5 12. Qd4 Nxd3+ 13. Qxd3 Nb4 14. Qb5+
Nc6 15. Qe2+ Be6 16. f4 O-O-O 17. Nf3 Bg4 18. O-O Bc5+ 19. Be3 Qxb2 20. Nbd2 Qc3
21. Kf2 Bxf3 22. Nxf3 Rd2 23. Nxd2 Re8 24. Qg4+ Re6 25. Bxc5 Qxc5+ 26. Kg2 Qd5+
27. Nf3 f5 28. Qxg7 Re2+ 29. Rf2 Rxf2+ 30. Kxf2 h5 31. Qf8+ Nd8 32. Re1 Qxa2 33.
Qxf5+ Kb8 34. Re8 b6 35. Rxd8+ Kb7 36. Nd4 b5 37. Qc8+ Kb6 38. Qe6+ Qxe6 39.
Rb8+ Kc5 40. Nb3+ Kb4 0-1

[Event "AUTO-INT-452"]
[Site "http://www.queenalice.com/game.php?id=351803"]
[Date "2008.2.10"]
[Round "3"]
[White "atomic"]
[Black "LadyAndrea"]
[Result "1-0"]
[WhiteElo "1646"]
[BlackElo "1772"]

1. e4 e5 2. Qh5 d6 3. Bc4 Qf6 4. Nf3 g6 5. Qg5 Be7 6. Qxf6 Nxf6 7. d3 Bg4 8. Ng5
O-O 9. h3 Bh5 10. g4 Nxg4 11. hxg4 Bxg5 12. Bxg5 Bxg4 13. Nd2 Kg7 14. f3 Be6 15.
Bh6+ Kg8 16. Bxf8 Kxf8 17. Bxe6 fxe6 18. Rxh7 a5 19. Rxc7 b5 20. O-O-O Na6 21.
Rc6 Ke7 22. Rg1 Kf6 23. Rxd6 Nb4 24. a3 Na6 25. d4 Nc7 26. d5 Re8 27. Rc6 Re7
28. d6 Re8 29. Rxc7 Rd8 30. d7 g5 31. Rh1 Kg7 32. Nb3 a4 33. Nc5 1-0

[Event "AUTO-INT-452"]
[Site "http://www.queenalice.com/game.php?id=351804"]
[Date "2008.2.10"]
[Round "3"]
[White "LadyAndrea"]
[Black "atomic"]
[Result "0-1"]
[WhiteElo "1727"]
[BlackElo "1626"]

1. d4 e6 2. a3 b5 3. e3 c6 4. Bd3 Bb7 5. Nf3 c5 6. Bxb5 a6 7. Ba4 Nf6 8. Nbd2
Ne4 9. O-O cxd4 10. Nxd4 Qg5 11. Nxe4 Bxe4 12. c3 Qxg2# 0-1

[Event "AUTO-OPEN-636"]
[Site "http://www.queenalice.com/game.php?id=353156"]
[Date "2008.2.12"]
[Round "3"]
[White "R_Mutt"]
[Black "atomic"]
[Result "1-0"]
[WhiteElo "2330"]
[BlackElo "1665"]

1. Nf3 e6 2. d4 c5 3. e4 Nc6 4. Nc3 cxd4 5. Nxd4 Nxd4 6. Qxd4 Nf6 7. e5 Nd5 8.
Nxd5 exd5 9. Qxd5 d6 10. Bb5+ Bd7 11. Qxb7 Qa5+ 12. Bd2 Qxb5 13. Qxa8+ Ke7 14.
O-O-O dxe5 15. Rhe1 Kf6 16. Bc3 Kg6 17. Rxe5 Qa6 18. Qf3 h5 19. Rxd7 Qf6 20.
Qg3+ Kh7 21. Rxh5+ Kg8 22. Bxf6 Rxh5 23. Rd8 g6 24. Rxf8+ 1-0

[Event "AUTO-OPEN-636"]
[Site "http://www.queenalice.com/game.php?id=353157"]
[Date "2008.2.12"]
[Round "3"]
[White "atomic"]
[Black "R_Mutt"]
[Result "0-1"]
[WhiteElo "1667"]
[BlackElo "2318"]

1. e4 e5 2. Qh5 Nc6 3. Bb5 Nf6 4. Qf3 Nd4 5. Qd3 c6 6. Ba4 d5 7. exd5 Nxd5 8. c3
Bf5 9. Qg3 Ne6 10. Qxe5 Bd3 11. Ne2 Be7 12. O-O Bd6 13. Qh5 O-O 14. Nd4 Nxd4 15.
cxd4 Nf4 16. Qf3 Re8 17. g3 Be4 18. Qg4 f5 19. Bb3+ Kh8 20. Qxf4 Bxf4 21. gxf4
Qh4 22. f3 Bd3 23. Rd1 Re2 0-1

[Event "hello!"]
[Site "http://www.queenalice.com/game.php?id=392873"]
[Date "2008.4.24"]
[Round "-"]
[White "jaychess"]
[Black "atomic"]
[Result "0-1"]
[WhiteElo "1665"]
[BlackElo "1663"]

1. d3 e5 2. Nf3 d6 3. Nc3 c6 4. e4 Bg4 5. h3 Bxf3 6. Qxf3 d5 7. exd5 cxd5 8.
Qxd5 Qxd5 9. Nxd5 Na6 10. d4 O-O-O 11. Bc4 exd4 12. Nf4 Nf6 13. Bxf7 Nb4 14.
Be6+ Kb8 15. Bf5 g6 16. Bd3 Re8+ 17. Ne2 Nfd5 18. Bd2 Nxd3+ 19. cxd3 Bb4 20.
Bxb4 Nxb4 21. Kd2 Rc8 22. Nxd4 Rhd8 23. Ke3 Re8+ 24. Kd2 h5 25. a3 Nd5 26. Rhc1
Nf4 27. Rxc8+ Rxc8 28. b4 Nxg2 29. Rg1 Nf4 30. Rg3 a6 31. Rf3 Nd5 32. Rg3 Ne7
33. Nc2 Rc6 34. Nd4 Rf6 35. f3 b5 36. Ke2 h4 37. Rg4 Nf5 38. Nxf5 Rxf5 39. Rxg6
Kb7 40. Re6 Rh5 41. Ke3 Rh8 42. Re4 Kc7 43. f4 Kd6 44. Kd4 Rh5 45. Re5 Rxe5 46.
fxe5+ Ke6 0-1